Statistics for South African Provinces by Bordering Countries

Click here to take the quiz!

General Stats

  • This quiz has been taken 12 times
  • The average score is 8 of 13

Answer Stats

Bordering CountriesSouth African provinces% Correct
ZimbabweLimpopo
89%
BotswanaLimpopo
89%
BotswanaNorthern Cape
78%
NamibiaNorthern Cape
78%
EswatiniKwaZulu-Natal
67%
MozambiqueKwaZulu-Natal
67%
LesothoKwaZulu-Natal
56%
BotswanaNorth West
56%
LesothoEastern Cape
44%
LesothoFree State
44%
MozambiqueLimpopo
44%
EswatiniMpumalanga
44%
MozambiqueMpumalanga
44%

Score Distribution

Percentile by Number Answered

Percent of People with Each Score

Your Score History

You have not taken this quiz